| 000 | 00463nam a2200181Ia 4500 | ||
|---|---|---|---|
| 001 | 13475 | ||
| 005 | 20260306164804.0 | ||
| 008 | 260306t2005||||xx |||||||||||||| ||spa|| | ||
| 041 | _aESP | ||
| 082 |
_a004.22 _bP26C |
||
| 100 |
_aParhami, Behrooz _eAUT |
||
| 245 | 0 |
_aComputer architecture: _bfrom microprocessors to supercomputers |
|
| 260 | _c2005 | ||
| 300 |
_axix, 556 páginas : _c24 cm. |
||
| 650 | _aGEN | ||
| 654 | _aCCC | ||
| 942 |
_cLIB _dJUS _fJUS _2ddc _n |
||
| 999 |
_c13475 _d13475 |
||